| 000 | 00657nam a2200205 a 4500 | ||
|---|---|---|---|
| 003 | BD-RjUL | ||
| 005 | 20220306143238.0 | ||
| 008 | 220306s2021 bg ||||| |||| 00| 0 ben d | ||
| 020 |
_a9789848018529 _c:Tk.200.00 |
||
| 035 | _a(BD-RjUL) | ||
| 040 |
_aBD-RjUL _beng _cBD-RjUL |
||
| 041 | _aben | ||
| 082 |
_223 _a954.9205092 _bSHB 2021 |
||
| 100 |
_aShil, Sosthi Chandra _91693 |
||
| 245 | 1 | 0 |
_aBangabandhu origination of bengali nationalism emergence of Bangladesh / _cSosthi Chandra Shil |
| 260 |
_aDhaka : _bBangabandhu Tarun Lekhok Parishad, _c2020 |
||
| 300 |
_a72 p.; _c22 cm. |
||
| 600 |
_aMujibur Rahman, _cSheikh, _d1920-1975 |
||
| 942 |
_2ddc _cBK |
||
| 999 |
_c79494 _d79494 |
||